00525nam a22001937a 450000500170000000600190001700700030003600800410003901000220008002000190010203500130012103700130013408200080014710000240015524500500017926000260022927000420025530000340029720181218115027.0a|||||f|||| 00| 0 tc180720b xxu||||| |||| 00| 0 eng d aB-079196-B-079199 c19.00(per set) aB-079196 bA.I.C.B. a480 aSahoo, Sandhya Rani aEnglish with a Purposecby Sandhya Rani Sahoo aDelhibA.C.I.B.cN.D. aSector-5, Rohini, bNew Delhie110085 a2V.,various pages.c30cm(HB).